000 00488cam a22001812 4500
001 sa 67000103
003 DLC
005 20260227112312.0
008 811203s1966 ii 000 0 eng
010 _asa 67000103
040 _aDLC
_cCarP
_dDLC
050 0 0 _aBD450
_b.M755 1966a
100 1 _aMukerjee, Radhakamal,
_d1889-1968.
245 1 4 _aThe community of communities.
260 _aBombay,
_bManaktalas
_c[1966]
300 _a155 p.
_c22 cm.
650 0 _aPhilosophical anthropology.
999 _c71761
_d71761